Monthly interest amortization tables : (Record no. 45084)

MARC details
000 -LEADER
fixed length control field 00515nam a22001457a 4500
008 - FIXED-LENGTH DATA ELEMENTS--GENERAL INFORMATION
fixed length control field 150904b xxu||||| |||| 00| 0 eng d
020 ## - INTERNATIONAL STANDARD BOOK NUMBER
International Standard Book Number 0809254174
050 ## - LIBRARY OF CONGRESS CALL NUMBER
Classification number HG1634
Item number .M66 1984
245 ## - TITLE STATEMENT
Title Monthly interest amortization tables :
Remainder of title covering interest rates of 5% to 28.75%, loan amounts of $50 to $160,000, terms up to 40 years
260 ## - PUBLICATION, DISTRIBUTION, ETC. (IMPRINT)
Place of publication, distribution, etc Chicago :
Name of publisher, distributor, etc Contemporary Books,
Date of publication, distribution, etc 1984
300 ## - PHYSICAL DESCRIPTION
Extent 283 p. ;
Dimensions 21 cm
650 ## - SUBJECT ADDED ENTRY--TOPICAL TERM
Topical term or geographic name as entry element Interest
General subdivision Tables
710 ## - ADDED ENTRY--CORPORATE NAME
Corporate name or jurisdiction name as entry element Contemporary Books, inc
942 ## - ADDED ENTRY ELEMENTS (KOHA)
Source of classification or shelving scheme Library of Congress Classification
Item type Book
Holdings
Withdrawn status Lost status Source of classification or shelving scheme Damaged status Not for loan Collection code Home library Current library Shelving location Date acquired Source of acquisition Total Checkouts Full call number Barcode Copy number Price effective from Koha item type
    Library of Congress Classification   Not For Loan Reference Bishop Okullu Memorial Library (Limuru Campus) Bishop Okullu Memorial Library (Limuru Campus) Reference 04/09/2015 Donation   REF HG1634 .M66 1984 044309 1 04/09/2015 Book